Избранная лирика: пер. с ит.

Бібліографічні деталі
Автор: Петрарка Ф. Франческо
Мова:Російська
Опубліковано: Москва, Художественная литература, 1955
Предмети:
Формат: MixedMaterials Книга
KOHA link:https://koha.lib.tpu.ru/cgi-bin/koha/opac-detail.pl?biblionumber=93968

MARC

LEADER 00000nam0a2200000 4500
001 93968
005 20231031105445.0
020 |a RU  |b 80-76554 
035 |a (RuTPU)RU\TPU\book\100659 
035 |a RU\TPU\book\88320 
090 |a 93968 
100 |a 20060405d1955 m a0rusy5003 ca 
101 1 |a rus  |c ita 
102 |a RU 
105 |a a z 000gy 
200 1 |a Избранная лирика  |e пер. с ит.  |f Ф. Петрарка 
210 |a Москва  |c Художественная литература  |d 1955 
215 |a 204 с.  |c ил. 
610 1 |a итальянская литература 
610 1 |a лирика 
675 |a 85  |z rus 
700 1 |a Петрарка  |b Ф.  |g Франческо 
801 0 |a RU  |b RuMRKP  |c 19950704  |g psbo 
801 1 |a RU  |b 63413507  |c 20050928  |g PSBO 
801 2 |a RU  |b 63413507  |c 20060405  |g PSBO 
942 |c BK